| 000 | 00000nam 2200000zi 4500 |
| 001 | 9.931084 |
| 003 | CaOODSP |
| 005 | 20251103145124 |
| 006 | m o d f |
| 007 | cr mn||||||||| |
| 008 | 231201e202312 onc ob f000 0 fre d |
| 020 | |a9780660691510 |
| 040 | |aCaOODSP|bfre|erda|cCaOODSP |
| 043 | |an-cn--- |
| 086 | 1 |aJ4-151/2023F-PDF |
| 100 | 1 |aMorales, Sarah, |eauteur. |
| 245 | 10|aÉlaboration d'une stratégie en matière de justice autochtone : |bcompilation de documents de réflexion par des experts en droit autochtone / |cavec des études de Sarah Morales, Elizabeth Zarpa et Sarah Arngna'naaq, Kerry Sloan, Aaron Mills. |
| 264 | 1|a[Ottawa] : |bMinistère de la justice Canada = Department of Justice Canada, |cdécembre 2023. |
| 264 | 4|c©2023 |
| 300 | |a1 ressource en ligne (63 pages) |
| 336 | |atexte|btxt|2rdacontent/fre |
| 337 | |ainformatique|bc|2rdamedia/fre |
| 338 | |aressource en ligne|bcr|2rdacarrier/fre |
| 500 | |aPublié aussi en anglais sous le titre : Developing an Indigenous justice strategy: a compilation of thought papers by Indigenous legal experts. |
| 504 | |aComprend des références bibliographiques. |
| 505 | 0 |aIntroduction / par Jane Evans -- « Cérémonie des couvertures » : justice pour les peuples des Premières Nations au Canada / par Su-taxwiye, Sarah Morales -- Création d'une stratégie en matière de justice autochtone, un document ambitieux axé sur les points de vue des Inuit / par Elizabeth Zarpa et Sarah Arngna'naaq -- Les points de vue des Metis sur la justice : reconstruire les liens de parenté et reconnaître la non-dualité / par Kerry Sloan -- Progrès vers la justice pour les communautés autochtones en milieu urbain au Canada / par Aaron Mills. |
| 650 | 6|aAutochtones|xDroit|zCanada. |
| 650 | 6|aJustice peĢnale|xAdministration|zCanada. |
| 710 | 1 |aCanada. |bMinistère de la justice, |eorganisme de publication. |
| 775 | 08|tDeveloping an Indigenous justice strategy : |w(CaOODSP)9.931083 |
| 856 | 40|qPDF|s552 Ko|uhttps://publications.gc.ca/collections/collection_2024/jus/J4-151-2023-fra.pdf |
| 856 | 4 |qHTML|sS.O.|uhttps://www.justice.gc.ca/fra/pr-rp/jr/esmja-dijs/index.html |